[Event "Provinciale PU"]
[Site "Pesaro"]
[Date "03/03/2019"]
[Round "4"]
[White "Patrignani Tiziano"]
[Black "Tonetto Federico"]
[Result "1-0"]
[BlackElo "1820"]
[BlackTitle "1N"]
[Board "1"]
[ChessCat "CHESSCAT 1.0"]
[PlyCount "27"]
[WhiteElo "2033"]
[WhiteTitle "CM"]

1. d4 Nf6 2. c4 g6 3. Nc3 Bg7 4. e4 d6 5. Nge2 O-O 6. Ng3 e5 7. d5 Nbd7 8. Be2
a5 9. h4 h5 10. Bg5 Nc5 11. Bxh5 gxh5 12. Nxh5 Ncd7 13. Qf3 c6 14. Nd1 1-0